Statistiche per Capitali mondiali più vicine a Singapore - 15 secondi di sprint

Clicka qui per fare il quiz!

Statistiche generali

  • Questo quiz è stato fatto 2 volte
  • Il punteggio medio è 4 su 20

Statistiche sulle risposte

kmcapitale% Corretto
902Giacarta
100%
1296Bandar Seri Begawan
50%
2198Hanoi
50%
309Kuala Lumpur
50%
1142Phnom Penh
50%
1855Vientiane
50%
1426Bangkok
0%
2720Colombo
0%
2881Dacca
0%
2652Dili
0%
4813Islamabad
0%
3530Kathmandu
0%
3380Malé
0%
2391Manila
0%
2210Naypyidaw
0%
3481Ngerulmud
0%
4142Nuova Delhi
0%
4465Pechino
0%
3250Taipei
0%
3274Thimphu
0%

Distribuzione punteggi

Percentile per numero di risposta

Percentuale di utenti per punteggio

I tuoi punteggi nel tempo

Non hai fatto questo quiz